| 000 | 00750nam a2200217Ia 4500 | ||
|---|---|---|---|
| 003 | GCL | ||
| 008 | 140319s9999 xx 000 0 ara d | ||
| 020 | _a557269960 | ||
| 040 |
_aGCL / _cGCL |
||
| 082 | 0 | 4 |
_a907.202 _bظ م |
| 100 | 1 | _aظمياء محمد عباس | |
| 245 | 1 | 0 |
_aالمنهج التأريخى عند القلقشندى : _bدراسة تحليلية / _cظمياء محمد عباس |
| 250 | _aالاولى | ||
| 260 |
_aالرياض : _bمركز الملك فيصل ، _c2001 |
||
| 300 |
_a254 ص ؛ _c24 سم |
||
| 650 | 0 | 4 | _aالمؤرخون العرب |
| 650 | 0 | 4 | _aالمؤرخون - تراجم |
| 650 | 0 | 4 | _aالمؤرخون السعوديون |
| 650 | 0 | 4 | _aالقلقشندى , احمد بن على |
| 942 |
_2ddc _cBK |
||
| 999 |
_c56377 _d56377 |
||